000 nam a22 7a 4500
999 _c10644
_d10644
008 180220b ||||| |||| 00| 0 eng d
100 _aAggarwal,M.L.
_96528
245 _aManual for CCE for PA Summative Assessment in Mathematics-IX
260 _aUP
_bArichal